[Event "Esbjerg Efterår 2020"]
[Site "?"]
[Date "2020.10.16"]
[Round "1.1"]
[White "Pedersen, Nicolai Vesterbæk"]
[Black "Nielsen, Ture Jungberg"]
[Result "1-0"]
[BlackElo "1773"]
[WhiteElo "2353"]
[LiveChessVersion "1.4.8"]

1. c4 {[%clk 0:20:08]} c5 {[%clk 0:20:08]} 2. Nf3 {[%clk 0:20:07]} Nc6
{[%clk 0:20:10]} 3. Nc3 {[%clk 0:20:08]} g6 {[%clk 0:20:10]} 4. e3
{[%clk 0:20:10]} Bg7 {[%clk 0:20:12]} 5. d4 {[%clk 0:20:13]} cxd4
{[%clk 0:20:10]} 6. exd4 {[%clk 0:20:13]} d6 {[%clk 0:20:00]} 7. h3
{[%clk 0:19:12]} e6 {[%clk 0:19:46]} 8. d5 {[%clk 0:18:25]} Ne5 {[%clk 0:19:39]}
9. Nd4 {[%clk 0:16:49]} exd5 {[%clk 0:17:46]} 10. Nxd5 {[%clk 0:16:29]} a6
{[%clk 0:17:30]} 11. Be2 {[%clk 0:14:32]} h6 {[%clk 0:14:58]} 12. O-O
{[%clk 0:13:18]} Ne7 {[%clk 0:14:52]} 13. Nxe7 {[%clk 0:11:19]} Qxe7
{[%clk 0:14:50]} 14. b3 {[%clk 0:11:02]} Qh4 {[%clk 0:12:04]} 15. Bb2
{[%clk 0:08:17]} O-O {[%clk 0:10:57]} 16. Qd2 {[%clk 0:07:56]} Qf6
{[%clk 0:09:08]} 17. Rad1 {[%clk 0:07:23]} Bd7 {[%clk 0:08:03]} 18. Ba1
{[%clk 0:06:46]} Rfd8 {[%clk 0:07:44]} 19. f4 {[%clk 0:06:42]} Qe7
{[%clk 0:05:04]} 20. fxe5 {[%clk 0:04:05]} dxe5 {[%clk 0:05:06]} 21. Nf3
{[%clk 0:04:04]} Bxh3 {[%clk 0:03:47]} 22. Qe3 {[%clk 0:04:06]} Bg4
{[%clk 0:03:21]} 23. Nh2 {[%clk 0:01:40]} Bxe2 {[%clk 0:02:36]} 24. Qxe2
{[%clk 0:01:42]} b5 {[%clk 0:01:22]} 25. Rc1 {[%clk 0:01:14]} Rab8
{[%clk 0:00:54]} 26. c5 {[%clk 0:01:11]} Rbc8 {[%clk 0:00:43]} 27. b4
{[%clk 0:01:11]} Qa7 {[%clk 0:00:06]} 28. Ng4 {[%clk 0:01:09]} 1-0

[Event "Esbjerg Efterår 2020"]
[Site "?"]
[Date "2020.10.16"]
[Round "1.2"]
[White "Burgaard, Kristian Gade"]
[Black "Nielsen, Viktor H"]
[Result "0-1"]
[BlackElo "2336"]
[WhiteElo "1770"]
[LiveChessVersion "1.4.8"]

1. d4 {[%clk 0:20:07]} d5 {[%clk 0:20:04]} 2. c4 {[%clk 0:20:11]} c6
{[%clk 0:20:07]} 3. cxd5 {[%clk 0:20:13]} cxd5 {[%clk 0:20:10]} 4. Bg5
{[%clk 0:20:16]} Nf6 {[%clk 0:19:25]} 5. Bxf6 {[%clk 0:20:18]} gxf6
{[%clk 0:19:29]} 6. Nf3 {[%clk 0:19:47]} e6 {[%clk 0:19:29]} 7. Nc3
{[%clk 0:19:45]} Nc6 {[%clk 0:19:33]} 8. e3 {[%clk 0:19:23]} Bg7 {[%clk 0:19:25]}
9. Be2 {[%clk 0:18:31]} O-O {[%clk 0:19:16]} 10. O-O {[%clk 0:18:29]} Kh8
{[%clk 0:19:19]} 11. Rc1 {[%clk 0:17:42]} Bd7 {[%clk 0:19:22]} 12. Qd2
{[%clk 0:16:41]} Rg8 {[%clk 0:19:12]} 13. Kh1 {[%clk 0:15:21]} Bf8
{[%clk 0:19:13]} 14. a3 {[%clk 0:14:33]} Na5 {[%clk 0:18:53]} 15. Rcd1
{[%clk 0:13:11]} Rc8 {[%clk 0:17:40]} 16. b4 {[%clk 0:12:18]} Nc4
{[%clk 0:17:32]} 17. Bxc4 {[%clk 0:12:19]} Rxc4 {[%clk 0:17:34]} 18. Rc1
{[%clk 0:12:07]} a5 {[%clk 0:16:04]} 19. Na2 {[%clk 0:11:09]} Bb5
{[%clk 0:15:25]} 20. a4 {[%clk 0:09:45]} Bxa4 {[%clk 0:13:49]} 21. bxa5
{[%clk 0:08:28]} Bd6 {[%clk 0:12:51]} 22. Rxc4 {[%clk 0:07:07]} dxc4
{[%clk 0:12:54]} 23. Rb1 {[%clk 0:06:52]} Qc7 {[%clk 0:10:50]} 24. Nc3
{[%clk 0:05:18]} Bc6 {[%clk 0:10:27]} 25. d5 {[%clk 0:05:05]} Be8
{[%clk 0:07:38]} 26. dxe6 {[%clk 0:03:30]} fxe6 {[%clk 0:07:39]} 27. Ne4
{[%clk 0:02:21]} Be7 {[%clk 0:06:42]} 28. Nd4 {[%clk 0:01:47]} e5
{[%clk 0:04:24]} 29. Nf5 {[%clk 0:01:32]} Bg6 {[%clk 0:04:26]} 30. Nxe7
{[%clk 0:01:07]} Qxe7 {[%clk 0:04:06]} 31. Qc2 {[%clk 0:00:25]} Rc8
{[%clk 0:03:06]} 32. f3 {[%clk 0:00:14]} Rc7 {[%clk 0:02:44]} 0-1

[Event "Esbjerg Efterår 2020"]
[Site "?"]
[Date "2020.10.16"]
[Round "1.3"]
[White "Rødgagard, John"]
[Black "Kinch, Andreas"]
[Result "1-0"]
[BlackElo "1769"]
[WhiteElo "2320"]
[LiveChessVersion "1.4.8"]

1. Nf3 {[%clk 0:19:57]} d5 {[%clk 0:20:05]} 2. d4 {[%clk 0:19:50]} Nf6
{[%clk 0:19:55]} 3. c4 {[%clk 0:19:45]} e6 {[%clk 0:19:33]} 4. g3
{[%clk 0:19:34]} Nc6 {[%clk 0:18:10]} 5. Bg2 {[%clk 0:18:30]} Be7
{[%clk 0:16:25]} 6. O-O {[%clk 0:17:43]} O-O {[%clk 0:16:15]} 7. b3
{[%clk 0:15:24]} b6 {[%clk 0:12:36]} 8. Bb2 {[%clk 0:14:09]} Bb7 {[%clk 0:11:48]}
9. cxd5 {[%clk 0:11:07]} exd5 {[%clk 0:09:11]} 10. Nc3 {[%clk 0:11:00]} a5
{[%clk 0:08:15]} 11. Rc1 {[%clk 0:10:10]} Nb4 {[%clk 0:07:25]} 12. Ne5
{[%clk 0:08:13]} c6 {[%clk 0:06:19]} 13. a3 {[%clk 0:06:41]} Na6 {[%clk 0:06:19]}
14. Na4 {[%clk 0:05:39]} Rc8 {[%clk 0:06:04]} 15. Bh3 {[%clk 0:05:18]} b5
{[%clk 0:03:06]} 16. Bxc8 {[%clk 0:05:04]} Qxc8 {[%clk 0:03:02]} 17. Nc3
{[%clk 0:04:25]} Qe6 {[%clk 0:02:46]} 18. e3 {[%clk 0:03:44]} b4 {[%clk 0:02:11]}
19. axb4 {[%clk 0:03:42]} Nxb4 {[%clk 0:02:08]} 20. Na4 {[%clk 0:03:15]} Rc8
{[%clk 0:01:40]} 21. Nc5 {[%clk 0:02:54]} Bxc5 {[%clk 0:01:39]} 22. Rxc5
{[%clk 0:02:53]} Ne4 {[%clk 0:01:39]} 23. Rxa5 {[%clk 0:02:42]} c5
{[%clk 0:01:27]} 24. f3 {[%clk 0:01:47]} Ba6 {[%clk 0:00:52]} 25. fxe4
{[%clk 0:01:37]} Bxf1 {[%clk 0:00:55]} 26. Qxf1 {[%clk 0:01:40]} cxd4
{[%clk 0:00:47]} 27. Bxd4 {[%clk 0:01:38]} dxe4 {[%clk 0:00:50]} 28. Nc4
{[%clk 0:01:17]} h6 {[%clk 0:00:45]} 29. Qf5 {[%clk 0:01:15]} Qxf5
{[%clk 0:00:08]} 30. Rxf5 {[%clk 0:01:16]} Nd3 {[%clk 0:00:10]} 31. Ra5
{[%clk 0:00:46]} Rb8 {[%clk 0:00:12]} 32. Nd2 {[%clk 0:00:43]} Nc1
{[%clk 0:00:07]} 33. Ra3 {[%clk 0:00:33]} Ne2+ {[%clk 0:00:09]} 34. Kf2
{[%clk 0:00:36]} Nc1 {[%clk 0:00:07]} 35. Nxe4 {[%clk 0:00:36]} Nxb3
{[%clk 0:00:11]} 36. h4 {[%clk 0:00:32]} Nc1 {[%clk 0:00:09]} 37. Nd6
{[%clk 0:00:33]} Rd8 {[%clk 0:00:00]} 38. Nf5 {[%clk 0:00:33]} 1-0

[Event "Esbjerg Efterår 2020"]
[Site "?"]
[Date "2020.10.16"]
[Round "1.4"]
[White "Kirkebakke, Mark"]
[Black "Ramsdal, Jens Albert"]
[Result "1-0"]
[BlackElo "2289"]
[WhiteElo "1751"]
[LiveChessVersion "1.4.8"]

1. e4 {[%clk 0:20:07]} c5 {[%clk 0:19:41]} 2. d4 {[%clk 0:20:10]} cxd4
{[%clk 0:19:39]} 3. c3 {[%clk 0:20:13]} g6 {[%clk 0:19:42]} 4. cxd4
{[%clk 0:20:16]} d5 {[%clk 0:19:45]} 5. e5 {[%clk 0:19:35]} Nc6 {[%clk 0:19:45]}
6. Nc3 {[%clk 0:19:27]} Nh6 {[%clk 0:19:47]} 7. Nf3 {[%clk 0:18:52]} Bg4
{[%clk 0:19:49]} 8. Bb5 {[%clk 0:18:46]} Nf5 {[%clk 0:19:42]} 9. Qa4
{[%clk 0:17:24]} Qd7 {[%clk 0:19:14]} 10. Be3 {[%clk 0:17:05]} Bxf3
{[%clk 0:18:09]} 11. gxf3 {[%clk 0:17:05]} Nxe3 {[%clk 0:17:30]} 12. fxe3
{[%clk 0:17:07]} Bh6 {[%clk 0:17:08]} 13. f4 {[%clk 0:16:55]} O-O
{[%clk 0:17:10]} 14. h4 {[%clk 0:16:32]} Qg4 {[%clk 0:15:49]} 15. Ne2
{[%clk 0:13:56]} Rfc8 {[%clk 0:14:46]} 16. h5 {[%clk 0:13:17]} Qf3
{[%clk 0:13:19]} 17. Kd2 {[%clk 0:13:19]} g5 {[%clk 0:09:45]} 18. Raf1
{[%clk 0:12:42]} Qg4 {[%clk 0:07:51]} 19. Rfg1 {[%clk 0:12:08]} Qd7
{[%clk 0:07:45]} 20. fxg5 {[%clk 0:11:59]} Bg7 {[%clk 0:07:45]} 21. g6
{[%clk 0:11:29]} fxg6 {[%clk 0:07:39]} 22. hxg6 {[%clk 0:11:31]} h6
{[%clk 0:07:43]} 23. Nf4 {[%clk 0:11:29]} a6 {[%clk 0:07:35]} 24. Be2
{[%clk 0:11:16]} b5 {[%clk 0:06:11]} 25. Qb3 {[%clk 0:11:15]} e6 {[%clk 0:06:14]}
26. Bg4 {[%clk 0:11:16]} Re8 {[%clk 0:06:12]} 27. Qd1 {[%clk 0:09:13]} Rac8
{[%clk 0:06:09]} 28. a3 {[%clk 0:08:45]} Na5 {[%clk 0:06:04]} 29. b3
{[%clk 0:08:26]} Rc6 {[%clk 0:06:07]} 30. Nd3 {[%clk 0:08:18]} Qe7
{[%clk 0:05:38]} 31. Nc5 {[%clk 0:08:05]} Rxc5 {[%clk 0:05:41]} 32. dxc5
{[%clk 0:08:07]} Qxc5 {[%clk 0:05:40]} 33. Qc2 {[%clk 0:06:39]} Qxa3
{[%clk 0:05:21]} 34. Bxe6+ {[%clk 0:06:39]} Kh8 {[%clk 0:05:13]} 35. Rxh6+
{[%clk 0:05:21]} Bxh6 {[%clk 0:05:17]} 36. g7+ {[%clk 0:05:25]} Bxg7
{[%clk 0:05:21]} 37. Rh1+ {[%clk 0:05:28]} Bh6 {[%clk 0:05:24]} 38. Rxh6+
{[%clk 0:05:31]} Kg7 {[%clk 0:05:28]} 39. Qg6+ {[%clk 0:05:33]} Kf8
{[%clk 0:05:32]} 40. Qf7# 1-0

[Event "Esbjerg Efterår 2020"]
[Site "?"]
[Date "2020.10.16"]
[Round "1.5"]
[White "Eriksson, Christian Altenburg"]
[Black "Ringmose, Christian"]
[Result "1-0"]
[BlackElo "1731"]
[WhiteElo "2099"]
[LiveChessVersion "1.4.8"]

1. e4 {[%clk 0:20:07]} c5 {[%clk 0:20:05]} 2. Nc3 {[%clk 0:20:09]} Nc6
{[%clk 0:20:08]} 3. Bb5 {[%clk 0:20:11]} g6 {[%clk 0:20:03]} 4. Bxc6
{[%clk 0:20:11]} bxc6 {[%clk 0:20:06]} 5. f4 {[%clk 0:20:10]} Bg7
{[%clk 0:20:05]} 6. Nf3 {[%clk 0:20:10]} d5 {[%clk 0:19:52]} 7. O-O
{[%clk 0:18:40]} e6 {[%clk 0:19:36]} 8. d3 {[%clk 0:18:07]} Ne7 {[%clk 0:19:32]}
9. Bd2 {[%clk 0:16:27]} Qb6 {[%clk 0:19:01]} 10. Rb1 {[%clk 0:14:02]} c4+
{[%clk 0:17:12]} 11. Kh1 {[%clk 0:13:57]} cxd3 {[%clk 0:17:10]} 12. cxd3
{[%clk 0:13:56]} O-O {[%clk 0:16:39]} 13. Qc2 {[%clk 0:13:20]} Ba6
{[%clk 0:16:21]} 14. Na4 {[%clk 0:13:03]} Qb5 {[%clk 0:16:00]} 15. Nc5
{[%clk 0:12:50]} Rfd8 {[%clk 0:15:25]} 16. a4 {[%clk 0:12:30]} Qb6
{[%clk 0:15:19]} 17. e5 {[%clk 0:11:55]} Rab8 {[%clk 0:14:09]} 18. b4
{[%clk 0:11:47]} Bb7 {[%clk 0:13:35]} 19. a5 {[%clk 0:11:10]} Qb5
{[%clk 0:12:55]} 20. Nd4 {[%clk 0:10:54]} 1-0

[Event "Esbjerg Efterår 2020"]
[Site "?"]
[Date "2020.10.16"]
[Round "1.6"]
[White "Løftgaard, Mikkel Vinh"]
[Black "Andersen, Lars René"]
[Result "0-1"]
[BlackElo "2088"]
[WhiteElo "1696"]
[LiveChessVersion "1.4.8"]

1. e4 {[%clk 0:20:09]} c5 {[%clk 0:20:08]} 2. c3 {[%clk 0:20:13]} d5
{[%clk 0:20:12]} 3. exd5 {[%clk 0:20:17]} Qxd5 {[%clk 0:20:16]} 4. d4
{[%clk 0:20:19]} cxd4 {[%clk 0:20:19]} 5. cxd4 {[%clk 0:20:23]} e6
{[%clk 0:20:22]} 6. Nf3 {[%clk 0:20:27]} Nf6 {[%clk 0:20:26]} 7. Nc3
{[%clk 0:20:31]} Qd8 {[%clk 0:20:30]} 8. Bd3 {[%clk 0:20:24]} Be7
{[%clk 0:20:34]} 9. O-O {[%clk 0:20:27]} O-O {[%clk 0:20:37]} 10. a3
{[%clk 0:20:30]} Nc6 {[%clk 0:20:36]} 11. Re1 {[%clk 0:20:21]} b6
{[%clk 0:20:39]} 12. Bf4 {[%clk 0:20:15]} Bb7 {[%clk 0:20:42]} 13. Ne4
{[%clk 0:20:06]} Nxd4 {[%clk 0:20:32]} 14. Nxd4 {[%clk 0:20:06]} Qxd4
{[%clk 0:20:35]} 15. Bd6 {[%clk 0:18:03]} Bxe4 {[%clk 0:11:51]} 16. Bxe4
{[%clk 0:17:20]} Qxd6 {[%clk 0:11:53]} 17. Bxa8 {[%clk 0:17:15]} Qxd1
{[%clk 0:11:48]} 18. Rexd1 {[%clk 0:17:14]} Rxa8 {[%clk 0:11:50]} 19. Rac1
{[%clk 0:17:18]} Nd5 {[%clk 0:11:52]} 20. g3 {[%clk 0:17:17]} g5 {[%clk 0:11:51]}
21. Re1 {[%clk 0:17:12]} a5 {[%clk 0:11:34]} 22. Rc6 {[%clk 0:16:30]} Kf8
{[%clk 0:11:07]} 23. Rc2 {[%clk 0:16:26]} Ke8 {[%clk 0:11:10]} 24. Kg2
{[%clk 0:16:26]} Kd7 {[%clk 0:11:11]} 25. h3 {[%clk 0:16:21]} a4 {[%clk 0:11:04]}
26. Re4 {[%clk 0:16:16]} b5 {[%clk 0:11:04]} 27. f4 {[%clk 0:15:49]} h6
{[%clk 0:10:32]} 28. Kf3 {[%clk 0:15:26]} Ra6 {[%clk 0:09:41]} 29. f5
{[%clk 0:14:56]} exf5 {[%clk 0:09:15]} 30. Re5 {[%clk 0:14:59]} Rd6
{[%clk 0:07:50]} 31. Rxf5 {[%clk 0:14:48]} Rf6 {[%clk 0:05:51]} 32. Rxf6
{[%clk 0:14:52]} Bxf6 {[%clk 0:05:54]} 33. Rc5 {[%clk 0:14:56]} Nc7
{[%clk 0:05:51]} 34. Rc2 {[%clk 0:14:28]} Kd6 {[%clk 0:05:51]} 35. Rd2+
{[%clk 0:14:19]} Kc6 {[%clk 0:04:41]} 36. Ke4 {[%clk 0:14:01]} Ne6
{[%clk 0:03:42]} 37. Rf2 {[%clk 0:13:35]} Bd4 {[%clk 0:03:24]} 38. Rc2+
{[%clk 0:13:23]} Kd6 {[%clk 0:03:06]} 39. g4 {[%clk 0:12:32]} Bg7
{[%clk 0:02:45]} 40. Rd2+ {[%clk 0:12:19]} Kc5 {[%clk 0:02:40]} 41. Rd5+
{[%clk 0:12:13]} Kc4 {[%clk 0:02:45]} 42. Rd2 {[%clk 0:12:08]} Kb3
{[%clk 0:02:48]} 43. Rd5 {[%clk 0:11:55]} Bxb2 {[%clk 0:00:56]} 44. Rxb5+
{[%clk 0:11:59]} Kxa3 {[%clk 0:00:59]} 45. Rf5 {[%clk 0:11:24]} f6
{[%clk 0:00:41]} 46. h4 {[%clk 0:11:19]} gxh4 {[%clk 0:00:31]} 47. Rh5
{[%clk 0:11:23]} h3 {[%clk 0:00:32]} 48. Rxh3+ {[%clk 0:11:03]} Ka2
{[%clk 0:00:35]} 49. Rxh6 {[%clk 0:10:57]} a3 {[%clk 0:00:37]} 50. Rh1
{[%clk 0:10:33]} Nc5+ {[%clk 0:00:21]} 51. Kf5 {[%clk 0:10:36]} Nb3
{[%clk 0:00:21]} 52. Rh8 {[%clk 0:10:16]} Nd4+ {[%clk 0:00:16]} 53. Kg6
{[%clk 0:10:02]} Nf3 {[%clk 0:00:18]} 54. Rh3 {[%clk 0:09:51]} Ng5
{[%clk 0:00:18]} 55. Rd3 {[%clk 0:09:32]} Kb1 {[%clk 0:00:19]} 56. Rxa3
{[%clk 0:09:34]} Bxa3 {[%clk 0:00:16]} 57. Kxf6 {[%clk 0:09:38]} Ne4+
{[%clk 0:00:19]} 58. Ke5 {[%clk 0:09:40]} Ng5 {[%clk 0:00:19]} 59. Kf5
{[%clk 0:09:43]} Bc1 {[%clk 0:00:23]} 60. Kg6 {[%clk 0:09:47]} Kc2
{[%clk 0:00:28]} 61. Kf5 {[%clk 0:09:51]} Kd3 {[%clk 0:00:32]} 62. Kg6
{[%clk 0:09:55]} Ke4 {[%clk 0:00:36]} 63. Kf6 {[%clk 0:09:57]} Kf4
{[%clk 0:00:40]} 64. Ke7 {[%clk 0:10:01]} Kxg4 {[%clk 0:00:44]} 65. Kd6
{[%clk 0:10:05]} Kf5 {[%clk 0:00:49]} 66. Kd5 {[%clk 0:10:09]} Ne6
{[%clk 0:00:51]} 67. Kc4 {[%clk 0:10:12]} Ke5 {[%clk 0:00:53]} 68. Kd3
{[%clk 0:10:15]} Bg5 {[%clk 0:00:57]} 69. Kc4 {[%clk 0:10:18]} Ke4
{[%clk 0:01:01]} 70. Kc3 {[%clk 0:10:21]} Nd4 {[%clk 0:00:59]} 71. Kc4
{[%clk 0:10:25]} Be7 {[%clk 0:01:00]} 72. Kc3 {[%clk 0:10:27]} Kd5
{[%clk 0:01:00]} 73. Kd3 {[%clk 0:10:31]} Bg5 {[%clk 0:01:04]} 74. Kc3
{[%clk 0:10:33]} Nc6 {[%clk 0:01:04]} 75. Kd3 {[%clk 0:10:32]} Ne5+
{[%clk 0:01:06]} 76. Ke2 {[%clk 0:10:36]} Ke4 {[%clk 0:01:11]} 77. Kf1
{[%clk 0:10:40]} Kf3 {[%clk 0:01:14]} 78. Kg1 {[%clk 0:10:44]} Ng4
{[%clk 0:01:16]} 79. Kh1 {[%clk 0:10:48]} Kg3 {[%clk 0:01:18]} 80. Kg1
{[%clk 0:10:52]} Nf2 {[%clk 0:01:18]} 81. Kf1 {[%clk 0:10:55]} Kf3
{[%clk 0:01:21]} 82. Kg1 {[%clk 0:10:59]} Kg3 {[%clk 0:01:25]} 83. Kf1
{[%clk 0:11:03]} Nh3 {[%clk 0:01:27]} 84. Ke2 {[%clk 0:11:05]} Nf2
{[%clk 0:01:25]} 85. Kf1 {[%clk 0:11:08]} Kf3 {[%clk 0:01:27]} 86. Kg1
{[%clk 0:11:12]} Bf4 {[%clk 0:01:30]} 87. Kf1 {[%clk 0:11:16]} Bh2
{[%clk 0:01:34]} 88. Ke1 {[%clk 0:11:20]} Ke3 {[%clk 0:01:35]} 89. Kf1
{[%clk 0:11:24]} Kf3 {[%clk 0:01:39]} 90. Ke1 {[%clk 0:11:29]} Ng4
{[%clk 0:01:30]} 91. Kd2 {[%clk 0:11:29]} Bg3 {[%clk 0:01:26]} 92. Kc3
{[%clk 0:11:32]} Ke4 {[%clk 0:01:29]} 93. Kc4 {[%clk 0:11:37]} Ne5+
{[%clk 0:01:29]} 94. Kb5 {[%clk 0:11:41]} Kd5 {[%clk 0:01:31]} 95. Kb6
{[%clk 0:11:44]} Kd6 {[%clk 0:01:24]} 96. Kb7 {[%clk 0:11:48]} Kd7
{[%clk 0:01:28]} 97. Ka8 {[%clk 0:11:52]} Kc7 {[%clk 0:01:31]} 98. Ka7
{[%clk 0:11:55]} Bf2+ {[%clk 0:01:28]} 99. Ka8 {[%clk 0:11:59]} Bg3
{[%clk 0:01:27]} 100. Ka7 {[%clk 0:12:03]} Nd7 {[%clk 0:01:30]} 101. Ka6
{[%clk 0:12:02]} Bf4 {[%clk 0:01:26]} 102. Kb5 {[%clk 0:12:05]} Kd6
{[%clk 0:01:30]} 103. Kc4 Ke5 {[%clk 0:01:32]} 104. Kd3 {[%clk 0:12:13]} Kd5
{[%clk 0:01:35]} 105. Ke2 {[%clk 0:12:17]} Ke4 {[%clk 0:01:39]} 106. Kf2
{[%clk 0:12:21]} Nf6 {[%clk 0:01:42]} 107. Kg2 {[%clk 0:12:25]} Kf5
{[%clk 0:01:46]} 108. Kh1 {[%clk 0:12:29]} Kg4 {[%clk 0:01:50]} 109. Kg2
{[%clk 0:12:32]} Ne4 {[%clk 0:01:52]} 110. Kf1 {[%clk 0:12:29]} Kf3
{[%clk 0:01:55]} 111. Ke1 {[%clk 0:12:32]} Ng3 {[%clk 0:01:30]} 112. Kd1
{[%clk 0:12:35]} Ke3 {[%clk 0:01:34]} 113. Kc2 {[%clk 0:12:39]} Kd4
{[%clk 0:01:37]} 114. Kb3 {[%clk 0:12:44]} Ne4 {[%clk 0:01:41]} 115. Kb4
{[%clk 0:12:48]} Nf6 {[%clk 0:01:20]} 116. Kb5 {[%clk 0:12:52]} Kd5
{[%clk 0:01:23]} 117. Kb6 {[%clk 0:12:56]} Bd2 {[%clk 0:01:17]} 118. Kb7
{[%clk 0:13:00]} Ne4 {[%clk 0:01:11]} 119. Ka8 {[%clk 0:13:04]} Kc6
{[%clk 0:01:14]} 120. Kb8 {[%clk 0:13:06]} Be3 {[%clk 0:01:14]} 121. Ka8
{[%clk 0:13:07]} Nf6 {[%clk 0:01:13]} 122. Kb8 {[%clk 0:13:10]} Nd7+
{[%clk 0:01:05]} 123. Ka8 {[%clk 0:13:13]} Nb6+ {[%clk 0:01:02]} 124. Kb8
{[%clk 0:13:16]} Bf4+ {[%clk 0:00:53]} 125. Ka7 {[%clk 0:13:14]} Bc7
{[%clk 0:00:47]} 126. Ka6 {[%clk 0:13:17]} Bd8 {[%clk 0:00:34]} 127. Ka5
{[%clk 0:13:15]} Nd5+ {[%clk 0:00:19]} 128. Ka6 {[%clk 0:13:14]} Ne7
{[%clk 0:00:13]} 129. Ka7 {[%clk 0:13:17]} Nc8+ {[%clk 0:00:15]} 130. Ka8
{[%clk 0:13:20]} Nb6+ {[%clk 0:00:18]} 131. Kb8 {[%clk 0:13:23]} Bc7+
{[%clk 0:00:21]} 132. Ka7 {[%clk 0:13:27]} Nd7 {[%clk 0:00:24]} 133. Ka8
{[%clk 0:13:30]} Kc5 {[%clk 0:00:27]} 134. Kb7 {[%clk 0:13:34]} Kd6
{[%clk 0:00:31]} 135. Ka8 {[%clk 0:13:38]} Nc5 {[%clk 0:00:29]} 136. Ka7
{[%clk 0:13:41]} Ba5 {[%clk 0:00:30]} 137. Ka8 {[%clk 0:13:44]} Kc6
{[%clk 0:00:31]} 138. Kb8 {[%clk 0:13:48]} Nd7+ {[%clk 0:00:22]} 139. Ka8
{[%clk 0:13:49]} Nc5 {[%clk 0:00:21]} 140. Ka7 {[%clk 0:13:52]} Bb6+
{[%clk 0:00:24]} 141. Ka8 {[%clk 0:13:56]} Ba5 {[%clk 0:00:24]} 142. Ka7
{[%clk 0:13:59]} Kb5 {[%clk 0:00:27]} 143. Ka8 {[%clk 0:14:03]} Kb6
{[%clk 0:00:27]} 144. Kb8 {[%clk 0:14:06]} Na6+ {[%clk 0:00:18]} 145. Ka8
{[%clk 0:14:09]} Nc7+ {[%clk 0:00:20]} 146. Kb8 {[%clk 0:14:13]} Kc6
{[%clk 0:00:21]} 147. Ka7 {[%clk 0:14:15]} Bb6+ {[%clk 0:00:19]} 148. Kb8
{[%clk 0:14:18]} Bf2 {[%clk 0:00:19]} 149. Kc8 {[%clk 0:14:22]} Na6
{[%clk 0:00:17]} 150. Kd8 {[%clk 0:14:25]} Kd6 {[%clk 0:00:21]} 151. Ke8
{[%clk 0:14:29]} Ke6 {[%clk 0:00:19]} 152. Kd8 {[%clk 0:14:30]} Kd6
{[%clk 0:00:23]} 153. Ke8 {[%clk 0:14:34]} Be3 {[%clk 0:00:12]} 154. Kd8
{[%clk 0:14:35]} Bd4 {[%clk 0:00:11]} 155. Kc8 {[%clk 0:14:39]} Kc6
{[%clk 0:00:13]} 156. Kd8 {[%clk 0:14:43]} Bc5 {[%clk 0:00:12]} 157. Ke8
{[%clk 0:14:47]} Bd6 {[%clk 0:00:12]} 158. Kf7 {[%clk 0:14:49]} Kd7
{[%clk 0:00:16]} 159. Kf6 {[%clk 0:14:53]} Kc6 {[%clk 0:00:20]} 160. Kf5
{[%clk 0:14:57]} Kd5 {[%clk 0:00:24]} 161. Kg4 {[%clk 0:15:01]} Ke4
{[%clk 0:00:29]} 162. Kh3 {[%clk 0:15:02]} Kf3 {[%clk 0:00:32]} 163. Kh4
{[%clk 0:15:06]} Nc7 {[%clk 0:00:35]} 164. Kg5 {[%clk 0:15:10]} Nd5
{[%clk 0:00:36]} 165. Kf5 {[%clk 0:15:14]} 0-1

[Event "Esbjerg Efterår 2020"]
[Site "?"]
[Date "2020.10.16"]
[Round "1.7"]
[White "Bønnelykke, Ole"]
[Black "Andries, Alf"]
[Result "0-1"]
[BlackElo "1648"]
[WhiteElo "2008"]
[LiveChessVersion "1.4.8"]

1. e4 {[%clk 0:20:05]} c5 {[%clk 0:20:05]} 2. Nc3 {[%clk 0:20:07]} Nc6
{[%clk 0:20:05]} 3. g3 {[%clk 0:20:10]} g6 {[%clk 0:20:05]} 4. Bg2
{[%clk 0:20:14]} Bg7 {[%clk 0:20:08]} 5. d3 {[%clk 0:20:17]} d6 {[%clk 0:19:59]}
6. Be3 {[%clk 0:20:16]} e6 {[%clk 0:20:02]} 7. Qd2 {[%clk 0:20:19]} Nge7
{[%clk 0:20:01]} 8. Bh6 {[%clk 0:20:19]} O-O {[%clk 0:19:48]} 9. h4
{[%clk 0:20:20]} d5 {[%clk 0:19:36]} 10. h5 {[%clk 0:19:58]} f5 {[%clk 0:18:41]}
11. hxg6 {[%clk 0:19:22]} hxg6 {[%clk 0:17:17]} 12. Bxg7 {[%clk 0:17:51]} Kxg7
{[%clk 0:17:02]} 13. Qh6+ {[%clk 0:16:02]} Kf7 {[%clk 0:15:52]} 14. exd5
{[%clk 0:15:01]} exd5 {[%clk 0:15:35]} 15. Qh7+ {[%clk 0:13:22]} Kf6
{[%clk 0:15:02]} 16. g4 {[%clk 0:10:53]} Nd4 {[%clk 0:11:43]} 17. g5+
{[%clk 0:09:52]} Ke6 {[%clk 0:11:12]} 18. O-O-O {[%clk 0:09:21]} Kd6
{[%clk 0:10:34]} 19. Nge2 {[%clk 0:08:11]} Nxe2+ {[%clk 0:09:36]} 20. Nxe2
{[%clk 0:08:09]} Be6 {[%clk 0:09:15]} 21. Qh2+ {[%clk 0:06:28]} Kc6
{[%clk 0:08:25]} 22. Nf4 {[%clk 0:06:09]} Bf7 {[%clk 0:08:12]} 23. c4
{[%clk 0:05:56]} Kb6 {[%clk 0:07:38]} 24. Rhe1 {[%clk 0:05:38]} a6
{[%clk 0:04:40]} 25. d4 {[%clk 0:05:11]} Ka7 {[%clk 0:04:25]} 26. dxc5
{[%clk 0:05:01]} Qc7 {[%clk 0:03:54]} 27. b4 {[%clk 0:04:15]} Rad8
{[%clk 0:02:55]} 28. Qg3 {[%clk 0:03:51]} dxc4 {[%clk 0:02:48]} 29. Qe3
{[%clk 0:02:54]} Nc6 {[%clk 0:02:32]} 30. Rd6 {[%clk 0:02:30]} Rfe8
{[%clk 0:02:18]} 31. Ne6 {[%clk 0:02:10]} Bxe6 {[%clk 0:01:49]} 32. Rxe6
{[%clk 0:02:12]} Rxe6 {[%clk 0:00:57]} 33. Qxe6 {[%clk 0:02:15]} Nxb4
{[%clk 0:00:46]} 34. Qb6+ {[%clk 0:01:51]} Qxb6 {[%clk 0:00:47]} 35. cxb6+
{[%clk 0:01:55]} Kxb6 {[%clk 0:00:50]} 36. Re6+ {[%clk 0:01:58]} Kc5
{[%clk 0:00:42]} 37. Rxg6 {[%clk 0:02:01]} Nd3+ {[%clk 0:00:38]} 38. Kc2
{[%clk 0:01:56]} Ne1+ {[%clk 0:00:24]} 39. Kb2 {[%clk 0:01:52]} Nxg2
{[%clk 0:00:15]} 40. Rf6 {[%clk 0:01:56]} Nh4 {[%clk 0:00:13]} 41. f4
{[%clk 0:01:51]} Rd2+ {[%clk 0:00:15]} 42. Kc3 {[%clk 0:01:51]} Rd3+
{[%clk 0:00:17]} 43. Kc2 {[%clk 0:01:55]} Rd4 {[%clk 0:00:19]} 44. g6
{[%clk 0:01:58]} Nxg6 {[%clk 0:00:22]} 45. Rxg6 {[%clk 0:02:01]} Rxf4
{[%clk 0:00:26]} 46. Rg3 {[%clk 0:01:54]} Rf2+ {[%clk 0:00:28]} 47. Kb1
{[%clk 0:01:47]} f4 {[%clk 0:00:32]} 48. Rg5+ {[%clk 0:01:50]} Kb4
{[%clk 0:00:23]} 49. Rg6 {[%clk 0:01:52]} Kc3 {[%clk 0:00:24]} 50. a4
{[%clk 0:01:46]} b5 {[%clk 0:00:18]} 51. axb5 {[%clk 0:01:48]} axb5
{[%clk 0:00:22]} 52. Rh6 {[%clk 0:01:49]} Kb3 {[%clk 0:00:28]} 53. Rh3+
{[%clk 0:01:56]} f3 {[%clk 0:00:31]} 54. Kc1 {[%clk 0:01:59]} c3 {[%clk 0:00:26]}
55. Rh1 {[%clk 0:01:57]} Ra2 {[%clk 0:00:28]} *